000
00206nam a2200097Ia 4500
008
190216s9999||||xx |||||||||||||| ||und||
100
_a
Nil
245
0
_a
Gadya Manjari
260
_b
S Chand & Co
942
_c
BK
999
_c
15392
_d
15392